000 00496nam a2200157 4500
001 121935
003 ES-MaACL
005 20230906191854.0
007 t|
008 070214s1969 sp r ||||1| spa d
100 1 _aPoch y Torres, Ramón.
_992702
245 1 3 _aLa censura de cuentas
_b: aplicaciones en la economía de la empresa /
_cpor Ramón Poch y Torres.
260 _aBarcelona :
_bEd. Hispano-Europea,
_c1969.
300 _aXV, 242 p. ;
_c21 cm.
852 _aES-MaACL
_jC-36633
_bR.69715
999 _c121935
_d121935